[Event "South Wales New Year Major"]
[Site "Bridgend"]
[Date "2018.01.10"]
[Round "5"]
[White "O'Rourke, Kevin1111"]
[Black "Rovaretti, David"]
[Result "0-1"]
[WhiteElo "1175"]
[BlackElo "1762"]
[PlyCount "88"]
[EventDate "2018.01.05"]
[EventType "swiss"]
[EventRounds "5"]
[EventCountry "WLS"]
[SourceTitle "EXT 2020"]
[Source "ChessBase"]
[SourceDate "2019.10.17"]
[SourceVersion "1"]
[SourceVersionDate "2019.10.17"]
[SourceQuality "1"]

1. e4 d5 2. e5 e6 3. d4 c5 4. Nf3 Nc6 5. Bg5 Qb6 6. dxc5 Bxc5 7. Be3 Bxe3 8. fxe3 Qxb2 9. Nbd2 Nxe5 10. Rb1 Nxf3+ 11. Nxf3 Qc3+ 12. Qd2 Qxd2+ 13. Nxd2 a6 14. Nb3 b6 15. Be2 Nf6 16. 0-0 Ne4 17. Rb2 Bd7 18. Nd4 b5 19. Nf3 f6 20. Rd1 Nc3 21. Rd2 Nxe2+ 22. Rxe2 Kf7 23. Rf2 Ke7 24. c3 Rhc8 25. Rfc2 e5 26. Rb4 g5 27. h3 Bf5 28. Rc1 h5 29. g4 hxg4 30. hxg4 Be6 31. Kg2 Ra7 32. a3 Rac7 33. e4 dxe4 34. Rxe4 Rxc3 35. Rh1 Bd5 36. Rh7+ Kd6 37. Nd2 Rc2 38. Kg3 R8c3+ 39. Re3 Rxe3+ 40. Kf2 Rd3 41. Rh6 Rdxd2+ 42. Ke1 Rh2 43. Rxf6+ Be6 44. Rxe6+ Kxe6 0-1

[Event "South Wales op 13th"]
[Site "Cardiff"]
[Date "2016.07.11"]
[Round "7"]
[White "Rovaretti, David"]
[Black "Thomas, Roy"]
[Result "1-0"]
[WhiteElo "1635"]
[BlackElo "1751"]
[PlyCount "73"]
[EventDate "2016.07.07"]
[EventType "swiss"]
[EventRounds "10"]
[EventCountry "WLS"]
[SourceTitle "EXT 2017"]
[Source "ChessBase"]
[SourceDate "2016.10.25"]
[SourceVersion "1"]
[SourceVersionDate "2016.10.25"]
[SourceQuality "1"]

1. d4 f5 2. Qd3 d6 3. Nc3 Nf6 4. Bg5 e6 5. 0-0-0 Be7 6. f3 0-0 7. h3 Nh5 8. Bxe7 Qxe7 9. g4 Ng3 10. Rh2 Qh4 11. Bg2 Nc6 12. a3 Bd7 13. e4 a6 14. Nge2 Nxe2+ 15. Nxe2 b5 16. Rdh1 f4 17. Qd2 g5 18. Qe1 a5 19. b3 Ne7 20. Qxh4 gxh4 21. Bf1 c5 22. c3 b4 23. a4 bxc3 24. dxc5 dxc5 25. Nxc3 Rab8 26. Bc4 Nc6 27. Nb5 Kg7 28. Rd2 Ne5 29. Rf1 Rfd8 30. Rfd1 Bxb5 31. Rxd8 Bxc4 32. Rxb8 Bxb3 33. Rxb3 c4 34. Rc3 Kf6 35. Rd8 Nd3+ 36. Rdxd3 cxd3 37. Rxd3 1-0

[Event "South Wales op 13th"]
[Site "Cardiff"]
[Date "2016.07.09"]
[Round "5"]
[White "Orton, Paul"]
[Black "Rovaretti, David"]
[Result "1-0"]
[WhiteElo "1595"]
[BlackElo "1635"]
[PlyCount "83"]
[EventDate "2016.07.07"]
[EventType "swiss"]
[EventRounds "10"]
[EventCountry "WLS"]
[SourceTitle "EXT 2017"]
[Source "ChessBase"]
[SourceDate "2016.10.25"]
[SourceVersion "1"]
[SourceVersionDate "2016.10.25"]
[SourceQuality "1"]

1. e4 b6 2. d4 Bb7 3. Bd3 Nf6 4. Nc3 e6 5. Nf3 Bb4 6. Qe2 Bxc3+ 7. bxc3 d5 8. Bg5 h6 9. Bxf6 Qxf6 10. e5 Qe7 11. a4 0-0 12. 0-0 Rc8 13. Rfb1 c5 14. Qf1 c4 15. Be2 Nc6 16. Nd2 Rf8 17. f4 f6 18. Nf3 fxe5 19. fxe5 Rf7 20. Qe1 g5 21. Qg3 Rg7 22. Nd2 Qf7 23. Rf1 Qg6 24. Rf6 Qxc2 25. Qh3 Re8 26. Rxe6 Rxe6 27. Qxe6+ Kh7 28. Bg4 Ne7 29. Qf6 Bc8 30. Bxc8 Nxc8 31. Rf1 Ne7 32. Rf2 Qc1+ 33. Nf1 Qxc3 34. Rf3 Qxd4+ 35. Kh1 Ng6 36. Ng3 Qd1+ 37. Rf1 Qg4 38. Nf5 Rc7 39. e6 c3 40. e7 Rxe7 41. Nxe7 Nxe7 42. Qxe7+ 1-0

[Event "Tom Weston Major op"]
[Site "Cardiff"]
[Date "2016.03.28"]
[Round "6"]
[White "Rovaretti, David"]
[Black "Bridges, Paul"]
[Result "1/2-1/2"]
[WhiteElo "1611"]
[BlackElo "1821"]
[PlyCount "58"]
[EventDate "2016.03.25"]
[EventType "swiss"]
[EventRounds "7"]
[EventCountry "WLS"]
[SourceTitle "EXT 2018"]
[Source "ChessBase"]
[SourceDate "2017.10.13"]
[SourceVersion "1"]
[SourceVersionDate "2017.10.13"]
[SourceQuality "1"]

1. d4 d5 2. Nc3 e6 3. e4 dxe4 4. Nxe4 Nf6 5. Bg5 Be7 6. Bxf6 Bxf6 7. c3 Bd7 8. Nf3 Bc6 9. Bd3 Nd7 10. Qc2 Qe7 11. h3 h6 12. 0-0-0 0-0-0 13. Rhe1 g5 14. Nfd2 Bg7 15. f3 Rhe8 16. Nc4 b6 17. Bf1 Qf8 18. a4 a5 19. Qb3 f5 20. Nxa5 Ba8 21. Ba6+ Kb8 22. Qb5 Ka7 23. Nc6+ Bxc6 24. Qxc6 Kxa6 25. Nd2 Qd6 26. Qb5+ Kb7 27. Nc4 Qd5 28. Na5+ Ka7 29. Nc6+ Kb7 1/2-1/2

[Event "South Wales Autumn op"]
[Site "Pencoed"]
[Date "2015.10.11"]
[Round "5"]
[White "Rovaretti, David"]
[Black "Di Vetta, Andrew"]
[Result "1/2-1/2"]
[WhiteElo "1616"]
[BlackElo "1589"]
[PlyCount "84"]
[EventDate "2015.10.09"]
[EventType "swiss"]
[EventRounds "5"]
[EventCountry "WLS"]
[SourceTitle "EXT 2018"]
[Source "ChessBase"]
[SourceDate "2017.10.13"]
[SourceVersion "1"]
[SourceVersionDate "2017.10.13"]
[SourceQuality "1"]

1. e4 c6 2. d4 d5 3. Nc3 e6 4. Nf3 Bb4 5. e5 Nd7 6. a3 Bxc3+ 7. bxc3 Ne7 8. Be3 h6 9. Bd3 Nf8 10. g4 Bd7 11. a4 Qc7 12. a5 a6 13. Qb1 Nc8 14. c4 Na7 15. Qb6 Qxb6 16. axb6 Nc8 17. c5 a5 18. Kd2 Ng6 19. h4 0-0 20. g5 h5 21. Ra2 Nce7 22. Rha1 Nf5 23. Be2 a4 24. Rxa4 Rxa4 25. Rxa4 Ngxh4 26. Nxh4 Nxh4 27. Bxh5 g6 28. Be2 Nf5 29. Ra7 Bc8 30. c4 Kg7 31. cxd5 exd5 32. Ba6 bxa6 33. b7 Bxb7 34. Rxb7 Rc8 35. Kc3 Kf8 36. Kb4 Ne7 37. Ka5 Ra8 38. Rc7 Ke8 39. Bf4 Kd8 40. e6 fxe6 41. Bd6 Nf5 42. Rh7 Kc8 1/2-1/2

[Event "South Wales op 12th"]
[Site "Cardiff"]
[Date "2015.07.16"]
[Round "9"]
[White "Rovaretti, David"]
[Black "Hurn, Robert AJ"]
[Result "1-0"]
[WhiteElo "1587"]
[BlackElo "1681"]
[PlyCount "145"]
[EventDate "2015.07.11"]
[EventType "swiss"]
[EventRounds "10"]
[EventCountry "WLS"]
[SourceTitle "EXT 2016"]
[Source "ChessBase"]
[SourceDate "2015.10.08"]
[SourceVersion "1"]
[SourceVersionDate "2015.10.08"]
[SourceQuality "1"]

1. e4 c5 2. Nf3 d6 3. c3 Nf6 4. Bd3 Nc6 5. 0-0 Bg4 6. Re1 Qc7 7. Bc2 e5 8. d3 Be7 9. Be3 0-0 10. Nbd2 Rad8 11. h3 Bc8 12. Bb3 b5 13. Qe2 Rfe8 14. Ng5 Rf8 15. Rac1 h6 16. Ngf3 Qb7 17. d4 c4 18. Bc2 Rfe8 19. d5 Nb8 20. Nf1 Nbd7 21. Ng3 Nf8 22. Nh4 Ng6 23. Nhf5 Bf8 24. Qd2 a5 25. a3 Kh7 26. Kh2 Ne7 27. f4 g6 28. fxe5 Nxf5 29. exf5 dxe5 30. fxg6+ fxg6 31. Qf2 Bg7 32. Bb6 Rxd5 33. Ne4 Rf8 34. Qe3 Qb8 35. Bc5 Rf7 36. Rf1 Bf5 37. g4 Bc8 38. Nxf6+ Rxf6 39. Rxf6 Bxf6 40. Qe4 Rd2+ 41. Kg1 Rxc2 42. Qxc2 e4 43. Qf2 Bg7 44. Rf1 Qc7 45. Bd4 Bxd4 46. cxd4 Be6 47. Qf4 Qa7 48. Qe5 Bg8 49. Qxe4 Qc7 50. Qe5 Qa7 51. Re1 Qb6 52. g5 hxg5 53. Qc5 Qb8 54. Re7+ Kh6 55. Qe5 Qxe5 56. Rxe5 b4 57. Rxa5 c3 58. bxc3 b3 59. Rb5 Bc4 60. Rb4 Be6 61. Kh2 Kh5 62. Kg3 Kh6 63. a4 Kg7 64. c4 b2 65. d5 Bd7 66. c5 b1Q 67. Rxb1 Bxa4 68. c6 Bc2 69. Rb7+ Kf6 70. d6 Be4 71. d7 Bxc6 72. d8Q+ Kf5 73. Qc8+ 1-0

[Event "South Wales Autumn op"]
[Site "Wales"]
[Date "2014.10.12"]
[Round "5"]
[White "Jukes, Sam"]
[Black "Rovaretti, David"]
[Result "1-0"]
[WhiteElo "1698"]
[BlackElo "1674"]
[PlyCount "59"]
[EventDate "2014.10.10"]
[EventType "swiss"]
[EventRounds "5"]
[EventCountry "WLS"]
[SourceTitle "EXT 2016"]
[Source "ChessBase"]
[SourceDate "2015.10.08"]
[SourceVersion "1"]
[SourceVersionDate "2015.10.08"]
[SourceQuality "1"]

1. e4 e5 2. Nf3 Nc6 3. Bb5 Nf6 4. 0-0 d6 5. Re1 h6 6. h3 Be6 7. d4 Bd7 8. Bxc6 Bxc6 9. dxe5 dxe5 10. Qxd8+ Rxd8 11. Nxe5 Rd6 12. Nxc6 Rxc6 13. c3 Nd7 14. Be3 a6 15. Nd2 g5 16. Rad1 Rg8 17. f3 b5 18. Nb3 h5 19. Rd5 Rcg6 20. Red1 Bd6 21. Nc5 Nb6 22. Rf5 Nc4 23. Bc1 g4 24. hxg4 hxg4 25. f4 a5 26. b3 Ne5 27. Nb7 Nf3+ 28. gxf3 gxf3+ 29. Rg5 Rxg5+ 30. fxg5 1-0

[Event "South Wales Autumn op"]
[Site "Wales"]
[Date "2014.10.11"]
[Round "2"]
[White "Turner, Joseph David"]
[Black "Rovaretti, David"]
[Result "1/2-1/2"]
[WhiteElo "1949"]
[BlackElo "1674"]
[PlyCount "83"]
[EventDate "2014.10.10"]
[EventType "swiss"]
[EventRounds "5"]
[EventCountry "WLS"]
[SourceTitle "EXT 2016"]
[Source "ChessBase"]
[SourceDate "2015.10.08"]
[SourceVersion "1"]
[SourceVersionDate "2015.10.08"]
[SourceQuality "1"]

1. e4 b6 2. d4 Bb7 3. Bd3 e6 4. Be3 Nf6 5. f3 Be7 6. Ne2 d6 7. c3 Nbd7 8. Nd2 h6 9. Qc2 e5 10. 0-0-0 c5 11. d5 a6 12. g4 b5 13. c4 Qa5 14. Nb3 Qb6 15. h4 g6 16. Ng3 h5 17. g5 Nh7 18. Qe2 b4 19. f4 exf4 20. Bxf4 Ne5 21. Nd2 Bc8 22. Bxe5 dxe5 23. Rdf1 Bg4 24. Qf2 f6 25. Be2 Bxe2 26. Qxe2 0-0-0 27. gxf6 Nxf6 28. Nf3 Ng4 29. Ng5 Bxg5+ 30. hxg5 Rdf8 31. Rf3 Qd8 32. a3 Qxg5+ 33. Kb1 Rxf3 34. Qxf3 Qf4 35. Qb3 Ne3 36. Re1 Qxg3 37. Rxe3 Qg1+ 38. Ka2 a5 39. axb4 cxb4 40. c5 Rf8 41. Qa4 Rf1 42. Qc6+ 1/2-1/2

[Event "South Wales op 11th"]
[Site "Cardiff"]
[Date "2014.08.27"]
[Round "5"]
[White "Rovaretti, David"]
[Black "Hickman, John"]
[Result "0-1"]
[WhiteElo "1483"]
[BlackElo "1977"]
[PlyCount "72"]
[EventDate "2014.08.25"]
[EventType "swiss"]
[EventRounds "9"]
[EventCountry "WLS"]
[SourceTitle "CBM 162 Extra"]
[Source "ChessBase"]
[SourceDate "2014.10.17"]
[SourceVersion "1"]
[SourceVersionDate "2014.10.17"]
[SourceQuality "1"]

1. e4 g6 2. d4 Bg7 3. Be3 d6 4. f4 Nf6 5. Nd2 Ng4 6. Qe2 Nxe3 7. Qxe3 0-0 8. Ngf3 Nd7 9. e5 c5 10. c3 cxd4 11. cxd4 Nb6 12. Bc4 Nxc4 13. Nxc4 Be6 14. Nfd2 Rc8 15. Qe2 dxe5 16. dxe5 Bxc4 17. Nxc4 Qd4 18. Rc1 b5 19. Qd2 Qxd2+ 20. Kxd2 bxc4 21. Rc2 Rfd8+ 22. Ke2 f6 23. Rhc1 fxe5 24. Rxc4 Rxc4 25. Rxc4 exf4 26. b3 Bd4 27. h3 e5 28. b4 Be3 29. Rc2 Kg7 30. g4 Kf6 31. h4 h5 32. Rc6+ Kf7 33. g5 Rd2+ 34. Kf3 Rxa2 35. Rc7+ Ke6 36. Rc6+ Kd5 0-1